<?xml version="1.0" encoding="UTF-8"?>
<record
    xmlns:xsi="http://www.w3.org/2001/XMLSchema-instance"
    xsi:schemaLocation="http://www.loc.gov/MARC21/slim http://www.loc.gov/standards/marcxml/schema/MARC21slim.xsd"
    xmlns="http://www.loc.gov/MARC21/slim">

  <leader>00360nam a2200121Ia 4500</leader>
  <controlfield tag="008">170224s9999    xx            000 0 und d</controlfield>
  <datafield tag="245" ind1=" " ind2="4">
    <subfield code="a">The Lucci Cube: A New Graph and Some of Its Structural and Enumerative Properties</subfield>
  </datafield>
  <datafield tag="260" ind1=" " ind2=" ">
    <subfield code="b">Philippine Computing Journal</subfield>
  </datafield>
  <datafield tag="260" ind1=" " ind2=" ">
    <subfield code="c">2012</subfield>
  </datafield>
  <datafield tag="300" ind1=" " ind2=" ">
    <subfield code="a">VII:2</subfield>
  </datafield>
  <datafield tag="500" ind1=" " ind2=" ">
    <subfield code="a">December</subfield>
  </datafield>
  <datafield tag="650" ind1=" " ind2=" ">
    <subfield code="x">Information Technology</subfield>
  </datafield>
  <datafield tag="999" ind1=" " ind2=" ">
    <subfield code="c">315886</subfield>
    <subfield code="d">315886</subfield>
  </datafield>
  <datafield tag="952" ind1=" " ind2=" ">
    <subfield code="0">0</subfield>
    <subfield code="1">0</subfield>
    <subfield code="4">0</subfield>
    <subfield code="a">CL</subfield>
    <subfield code="b">CL</subfield>
    <subfield code="d">2017-02-24</subfield>
    <subfield code="l">0</subfield>
    <subfield code="r">2017-02-24 00:00:00</subfield>
    <subfield code="w">2017-02-24</subfield>
    <subfield code="y">SE</subfield>
  </datafield>
</record>
